| 000 | 00618nam a2200229Ia 4500 | ||
|---|---|---|---|
| 008 | 160819s9999 xx 000 0 und d | ||
| 020 | _a978-1-85626-645-1 | ||
| 050 | _aCUL TX 725 | ||
| 050 | _b.L4D45 2006 | ||
| 100 | _aDekmak, Hussien. | ||
| 245 | 4 | _aThe Lebanese cook book / | |
| 245 | _cHussien Dekmak; photography by Martin Brigdale. | ||
| 260 | _aLondon : | ||
| 260 | _bKyle Cathie Limited, | ||
| 260 | _c2006 | ||
| 300 | _a160 pages : | ||
| 300 | _bcolor illustrations ; | ||
| 300 | _c25 cm. | ||
| 500 | _aIncludes index. | ||
| 650 | _aCooking, Lebanese. | ||
| 650 | _xCooking, Middle Eastern. | ||
| 999 |
_c300706 _d300706 |
||